000 00450nmm a2200169Ia 4500
008 251105s9999||||xx |||||||||||||||||und||
020 _a9788483590270
041 _aspa
100 _aQuintana, Josep Maria
245 0 _aLos Nikolaidis
264 _a[Madrid, España] :
_bCalambur,
_c2008
300 _a400 páginas
490 _aNarrativa
650 _aSpanish narrative
856 _uhttps://public.digitaliapublishing.com/a/902
942 _cCF
999 _c86122
_d86122